164 - Né(es) un 13 juin. - Statistiques

Statistiques générales
  • Ce quiz a été pris 9 fois
  • Le résultat moyen est 4 sur 19
Statistiques - réponses
Hint Année de naissance Réponse % Correct
Acteur qui accèda à la célébrité mondiale en tenant le rôle de Steve Rogers dans "Captain America". 1981 Chris Evans
80%
Actrice ayant une jumelle et ayant joué dans "La Fête à la maison". 1986 Mary-Kate Olsen
60%
Président de la république française du 24 mai 1873 au 30 janvier 1879. 1808 Patrice de Mac Mahon|comte de Mac Mahon
60%
Artiste connu pour avoir emballé le pont Neuf et le Reichstag. 1935 Christo|Christo Vladimiroff Javacheff
40%
Secrétaire général des Nations unies entre 2007 et 2016. 1944 Ban Ki-moon
20%
Petits-fils de Charlemagne, roi d'Aquitaine, il est roi de Francie occidentale de 843 à 877 et est couronné empereur d'Occident en 875. 823 Charles II le Chauve
20%
Médecin et professeur de génétique français, connu pour son opposition à l'interruption volontaire de grossesse. 1926 Jérôme Lejeune
20%
Joueur de football, international français passé par le PSG, la Juventus de Turin et le Bayern Munich. 1996 Kingsley Coman
20%
Pilote de rallye français, créateur du Paris-Dakar et de l'Enduro du Touquet. 1949 Thierry Sabine
20%
Acteur américain principalement connu pour avoir joué dans la série "Papa bricole". 1953 Tim Allen
20%
Autrice de la trilogie "Vernon Subutex". 1969 Virginie Despentes
20%
Président de l'Assemblée nationale de 1969 à 1973, il siège au Conseil constitutionnel à partir de 1977. 1911 Achille Peretti
0%
Homme politique et diplomate français, membre de l'Académie française et chancelier de l'Institut de France. Il a notamment été haut-commissaire de la zone d'occupation française en Allemagne. 1887 André François-Poncet
0%
Écrivain et poète espagnol dont "Le Livre de l'intranquillité" lui vaut sa célébrité. 1888 Fernando Pessoa
0%
Joueur de football français, international, passé par Chelsea, l'Olympique Lyonnais et l'EA Guingamp. 1980 Florent Malouda
0%
Actrice américaine, interprète de Max Black dans la série télévisée "2 Broke Girls". 1986 Kat Dennings
0%
Écrivain auteur de "La Sirène rouge", "Les Racines du mal", "Babylon Babies", "Villa Vortex", "Cosmos Incorporated". 1959 Maurice G. Dantec|Maurice Georges Dantec
0%
Historien français spécialiste de la Rome antique. Il écrivit "Palmyre. L'irremplaçable trésor". 1930 Paul Veyne
0%
Perchiste français deux fois vainqueur de la Coupe d'Europe. 1977 Romain Mesnil
0%
Aucun quiz correspondant
Distribution des résultats
% des personnes avec chaque résultat
Percentile par nombre de réponses
Votre historique - résultats
Vous n’avez pas pris ce quiz